DIFIORE'S ATLAS OF HISTOLOGY: WITH FUNCTIONAL CORRELATIONS (Record no. 9977)

MARC details
000 -LEADER
fixed length control field 00372nam a22001577a 4500
003 - CONTROL NUMBER IDENTIFIER
control field SGT
020 ## - INTERNATIONAL STANDARD BOOK NUMBER
International Standard Book Number 9788184736595
082 ## - DEWEY DECIMAL CLASSIFICATION NUMBER
Classification number 611,ERO
100 ## - MAIN ENTRY--PERSONAL NAME
Personal name EROSCHENKO,VICTOR P
245 ## - TITLE STATEMENT
Title DIFIORE'S ATLAS OF HISTOLOGY: WITH FUNCTIONAL CORRELATIONS
250 ## - EDITION STATEMENT
Edition statement 12TH
260 ## - PUBLICATION, DISTRIBUTION, ETC. (IMPRINT)
Place of publication, distribution, etc NEW DELHI
Name of publisher, distributor, etc WOLTERS KLUWER
Year of Publication 2005
300 ## - PAGE DESCRIPTION
No. of Pages 603
650 ## - SUBJECT ADDED ENTRY--TOPICAL TERM
Topical term or geographic name as entry element ATLAS
942 ## - ADDED ENTRY ELEMENTS (KOHA)
Source of classification or shelving scheme Dewey Decimal Classification
Koha item type Books
942 ## - ADDED ENTRY ELEMENTS (KOHA)
-- 1
Holdings
Withdrawn status Lost status Source of classification or shelving scheme Damaged status Not for loan Home library Current library Shelving location Date acquired Vendor Name Cost, normal purchase price SGTU Bill Number Total Checkouts Full call number Accession No. (Barcode) Date last seen Bill Date Koha item type Date last borrowed
    Dewey Decimal Classification     SGT Science & Social Sciences Library SGT Science & Social Sciences Library Text Book 29/09/2016 AHUJA BOOKS 895.00 SGTU 7116   611,ERO AG2036 29/09/2016 01/08/2016 Books  
    Dewey Decimal Classification     SGT Science & Social Sciences Library SGT Science & Social Sciences Library Text Book 29/09/2016 AHUJA BOOKS 895.00 SGTU 7116   611,ERO AG2037 29/09/2016 01/08/2016 Books  
    Dewey Decimal Classification     SGT Science & Social Sciences Library SGT Science & Social Sciences Library Text Book 29/09/2016 AHUJA BOOKS 895.00 SGTU 7116   611,ERO AG2038 29/09/2016 01/08/2016 Books  
    Dewey Decimal Classification     SGT Science & Social Sciences Library SGT Science & Social Sciences Library Text Book 29/09/2016 AHUJA BOOKS 895.00 SGTU 7116   611,ERO AG2039 29/09/2016 01/08/2016 Books  
    Dewey Decimal Classification     SGT Science & Social Sciences Library SGT Science & Social Sciences Library Text Book 29/09/2016 AHUJA BOOKS 895.00 SGTU 7116 1 611,ERO AG2040 04/04/2022 01/08/2016 Books 19/03/2022
    Dewey Decimal Classification     SGT Science & Social Sciences Library SGT Science & Social Sciences Library Text Book 29/09/2016 AHUJA BOOKS 895.00 SGTU 7116   611,ERO AG2041 29/09/2016 01/08/2016 Books  
    Dewey Decimal Classification     SGT Science & Social Sciences Library SGT Science & Social Sciences Library Text Book 29/09/2016 AHUJA BOOKS 895.00 SGTU 7116   611,ERO AG2042 29/09/2016 01/08/2016 Books  
    Dewey Decimal Classification     SGT Science & Social Sciences Library SGT Science & Social Sciences Library Text Book 29/09/2016 AHUJA BOOKS 895.00 SGTU 7116   611,ERO AG2043 29/09/2016 01/08/2016 Books  
    Dewey Decimal Classification   Not For Loan SGT Science & Social Sciences Library SGT Science & Social Sciences Library Reference Book 29/09/2016 AHUJA BOOKS 895.00 SGTU 7116   611,ERO AG2044 29/09/2016 01/08/2016 Books